00369nam a2200133 4500001000700000003000900007007000300016008004100019100002200060245006100082260003700143300003400180852002100214120659ES-MaACLt|070214s1906 fr r ||||1| fre d1 aPozzi-Escot, Emm.10aPrécis de Chimie Physique / cpar M. Emm. Pozzi-Escot. aParis : bJules Rousset, c1906. aXI, 231 p. : bil. ; c23 cm. aES-MaACLjB-5199